[Event "4NCL/Div3/BCA vs. SBS"]
[Site "Daventry ENG"]
[Date "2010.03.28"]
[Round "8.6"]
[White "Makepeace, Philip J"]
[Black "Hilton, Steve H"]
[Result "1-0"]
[WhiteElo "2042"]
[BlackElo "1891"]
[PlyCount "41"]
[EventDate "2010.03.28"]
[SourceDate "2009.10.24"]

1. e4 Nf6 2. e5 Nd5 3. c4 Nb6 4. c5 Nd5 5. Nc3 e6 6. d4 b6 7. cxb6 axb6 8. Nf3
Bb7 9. Bd3 Bb4 10. Bd2 Na6 11. O-O h6 12. Rc1 Be7 13. a3 Nxc3 14. Rxc3 Bg5 15.
Nxg5 hxg5 16. Qg4 Rh4 17. Qg3 Rxd4 18. Bxg5 Qb8 19. Qh3 d6 20. Bb5+ c6 21. Rxc6
1-0

[Event "4NCL/Div3/WES2 vs. CAMB2"]
[Site "Daventry ENG"]
[Date "2010.03.28"]
[Round "8.1"]
[White "Jenks, Bruce"]
[Black "Tyomkin, Mykhaylo"]
[Result "0-1"]
[WhiteElo "2127"]
[BlackElo "2111"]
[PlyCount "104"]
[EventDate "2010.03.28"]
[SourceDate "2009.10.24"]

1. c4 e5 2. g3 Nf6 3. Bg2 d5 4. cxd5 Nxd5 5. Nc3 Nb6 6. Nf3 Nc6 7. O-O Be7 8.
d3 g5 9. d4 exd4 10. Nb5 Bf6 11. e3 Be6 12. Nfxd4 Nxd4 13. Nxd4 Bd5 14. Nf5 Qd7
15. Bxd5 Qxd5 16. e4 Qxd1 17. Rxd1 Rd8 18. Re1 O-O 19. e5 Rfe8 20. f4 gxf4 21.
Bxf4 Bg7 22. Re4 Nd5 23. Bg5 f6 24. Bh4 Bf8 25. Rae1 Kf7 26. e6+ Kg6 27. g4
Bc5+ 28. Kg2 Ne7 29. b4 Rd2+ 30. R1e2 Bxb4 31. Rxd2 Bxd2 32. Nd4 c5 33. Nb5 Nd5
34. Nd6 Rxe6 35. Rxe6 Nf4+ 36. Kf3 Nxe6 37. Nxb7 c4 38. Ke2 c3 39. Bf2 a6 40.
Nc5 Nxc5 41. Bxc5 Kg5 42. Bd4 Bf4 43. Bxc3 Bxh2 44. Kf3 Be5 45. Bd2+ Kg6 46.
Ke4 Bg3 47. Kd5 f5 48. gxf5+ Kxf5 49. Ba5 h5 50. Bb6 h4 51. a4 h3 52. Bg1 Kf4
0-1

[Event "4NCL/Div3/WES2 vs. CAMB2"]
[Site "Daventry ENG"]
[Date "2010.03.28"]
[Round "8.2"]
[White "Spencer, Carl J"]
[Black "Tunks, Dominic"]
[Result "1-0"]
[WhiteElo "2136"]
[BlackElo "2076"]
[PlyCount "35"]
[EventDate "2010.03.28"]
[SourceDate "2009.10.24"]

1. e4 c5 2. Nf3 d6 3. Bb5+ Nc6 4. d4 cxd4 5. Qxd4 Qa5+ 6. Nc3 Bg4 7. Qd3 a6 8.
Ba4 b5 9. Bb3 Rc8 10. O-O Nf6 11. Ng5 Ne5 12. Qg3 h6 13. f4 Nh5 14. Bxf7+ Kd7
15. Bxh5 Bxh5 16. fxe5 hxg5 17. Bxg5 b4 18. e6+ 1-0

[Event "4NCL/Div3/WES2 vs. CAMB2"]
[Site "Daventry ENG"]
[Date "2010.03.28"]
[Round "8.3"]
[White "Gregory, Keith DF"]
[Black "Lee, Richard WY"]
[Result "1/2-1/2"]
[WhiteElo "2060"]
[BlackElo "2058"]
[PlyCount "83"]
[EventDate "2010.03.28"]
[SourceDate "2009.10.24"]

1. Nf3 Nf6 2. c4 c5 3. g3 b6 4. Bg2 Bb7 5. O-O e6 6. b3 Be7 7. Bb2 O-O 8. d3 a6
9. Nbd2 d6 10. Qc2 Nbd7 11. Rae1 Rc8 12. e4 Rc7 13. Re2 Qa8 14. Rfe1 Rfc8 15.
h3 Rd8 16. Nh2 Nh5 17. Bf3 Nhf6 18. Bg2 Nh5 19. Nhf1 Bf8 20. f4 Nhf6 21. Rf2 d5
22. f5 d4 23. g4 Ne5 24. Nh2 Re8 25. Bc1 Bd6 26. Ref1 exf5 27. Rxf5 Bc8 28.
R5f2 Be6 29. Ndf3 Rce7 30. Qe2 Ra7 31. Nh4 Nfd7 32. Nf5 Bf8 33. Nf3 Nxf3+ 34.
Qxf3 b5 35. Bf4 f6 36. Qg3 Qd8 37. Nd6 Bxd6 38. Bxd6 Qb6 39. e5 fxe5 40. Qxe5
h6 41. Qh5 Raa8 42. Bg3 1/2-1/2

[Event "4NCL/Div3/WES2 vs. CAMB2"]
[Site "Daventry ENG"]
[Date "2010.03.28"]
[Round "8.4"]
[White "Campbell, Mark C"]
[Black "Taylor-Bowd, Philip J"]
[Result "1-0"]
[WhiteElo "1986"]
[BlackElo "2043"]
[PlyCount "81"]
[EventDate "2010.03.28"]
[SourceDate "2009.10.24"]

1. e4 d6 2. d4 Nf6 3. Nc3 e5 4. Nf3 Nbd7 5. Bc4 Be7 6. O-O O-O 7. a4 c6 8. Re1
b6 9. Nh4 Nxe4 10. Nf5 Nef6 11. Nxe7+ Qxe7 12. Bg5 Re8 13. dxe5 dxe5 14. Ne4 h6
15. Bh4 g5 16. Bg3 Nxe4 17. Rxe4 Kg7 18. h4 f5 19. Re1 f4 20. Bh2 Nf6 21. hxg5
hxg5 22. g3 Qc5 23. b3 Ng4 24. Qd2 Rh8 25. gxf4 Nxh2 26. Kg2 Ng4 27. fxe5 Qe7
28. e6 Bb7 29. Kg3 Nh6 30. Qd4+ Qf6 31. Qd7+ Kg6 32. Bd3+ Nf5+ 33. Kg2 Rab8 34.
e7 c5+ 35. f3 Bc8 36. e8=Q+ Rxe8 37. Qxe8+ Kg7 38. Bxf5 Qxf5 39. Re7+ Kh6 40.
Qh8+ Kg6 41. Qh7+ 1-0

[Event "4NCL/Div3/WES2 vs. CAMB2"]
[Site "Daventry ENG"]
[Date "2010.03.28"]
[Round "8.5"]
[White "Pleasants, Allan J"]
[Black "Gooding, Ian"]
[Result "1-0"]
[WhiteElo "2038"]
[BlackElo "2013"]
[PlyCount "84"]
[EventDate "2010.03.28"]
[SourceDate "2009.10.24"]

1. e4 e6 2. d4 d5 3. Nc3 Bb4 4. Nge2 dxe4 5. a3 Be7 6. Nxe4 Nf6 7. N2g3 O-O 8.
c3 Nbd7 9. Bd3 c5 10. Bc2 b6 11. O-O cxd4 12. cxd4 Bb7 13. Qd3 Qc8 14. Re1 Qc6
15. Bg5 Rac8 16. Rac1 Qc4 17. Nxf6+ Nxf6 18. Qxc4 Rxc4 19. Bxf6 Bxf6 20. Bxh7+
Kxh7 21. Rxc4 Bd5 22. Rc7 Bxd4 23. b4 b5 24. Ne4 Bb6 25. Rc2 Rd8 26. Rd2 Rb8
27. Nc3 Bc4 28. Rd7 Kg6 29. Ne4 e5 30. Nc5 f6 31. Red1 Rc8 32. h4 a5 33. Rb7
Bxc5 34. bxc5 Rxc5 35. Rdd7 Kf5 36. Rxg7 Be2 37. Rbc7 Rxc7 38. Rxc7 Kg4 39. g3
f5 40. Rg7+ Kf3 41. h5 b4 42. axb4 axb4 1-0

[Event "4NCL/Div3/WES2 vs. CAMB2"]
[Site "Daventry ENG"]
[Date "2010.03.28"]
[Round "8.6"]
[White "Robertson, J Stuart"]
[Black "Krawczuk, Michael J"]
[Result "1-0"]
[WhiteElo "1986"]
[BlackElo "1970"]
[PlyCount "45"]
[EventDate "2010.03.28"]
[SourceDate "2009.10.24"]

1. d4 e6 2. c4 Nf6 3. Nc3 Bb4 4. f3 d5 5. a3 Bxc3+ 6. bxc3 b6 7. cxd5 exd5 8.
e3 O-O 9. Bd3 Ba6 10. Ne2 Re8 11. O-O c5 12. Ng3 Bxd3 13. Qxd3 Nc6 14. Bb2 Na5
15. Rae1 Qd7 16. e4 h6 17. e5 Nh7 18. f4 Nc4 19. Bc1 Qb5 20. Qf3 cxd4 21. cxd4
f6 22. Qg4 Rad8 23. Nf5 1-0

[Event "4NCL/Div3/FCA2 vs. ICENI"]
[Site "Daventry ENG"]
[Date "2010.03.28"]
[Round "8.1"]
[White "Fraser-Mitchell, Jeremy N"]
[Black "Crombleholme, Alan K"]
[Result "1-0"]
[WhiteElo "2002"]
[BlackElo "2106"]
[PlyCount "41"]
[EventDate "2010.03.28"]
[SourceDate "2009.10.24"]

1. d4 d5 2. c4 c6 3. cxd5 cxd5 4. Nc3 Nf6 5. Nf3 Nc6 6. Bf4 Bf5 7. e3 e6 8. Bb5
Nd7 9. Qa4 Qb6 10. Nh4 Bg4 11. h3 Bh5 12. e4 Bb4 13. exd5 exd5 14. O-O Bxc3 15.
bxc3 O-O 16. Nf5 Rfe8 17. Ne3 Nf6 18. Be5 Rad8 19. Bxf6 gxf6 20. Rae1 Bg6 21.
Nxd5 1-0

[Event "4NCL/Div3/FCA2 vs. ICENI"]
[Site "Daventry ENG"]
[Date "2010.03.28"]
[Round "8.2"]
[White "Reynolds, D Ian W"]
[Black "Majer, Chris E"]
[Result "1/2-1/2"]
[WhiteElo "2085"]
[BlackElo "2054"]
[PlyCount "136"]
[EventDate "2010.03.28"]
[SourceDate "2009.10.24"]

1. e4 c6 2. d4 d5 3. Nc3 dxe4 4. Nxe4 Nd7 5. Nf3 Ngf6 6. Bd3 Nxe4 7. Bxe4 Nf6
8. Bd3 Bg4 9. c3 e6 10. h3 Bh5 11. g4 Bg6 12. Ne5 Qd5 13. f3 Bxd3 14. Qxd3 Bd6
15. c4 Bb4+ 16. Bd2 Qa5 17. a3 Bxd2+ 18. Qxd2 Qxd2+ 19. Kxd2 Ke7 20. Kc3 Rac8
21. Rhe1 Nd7 22. Nd3 Kf6 23. h4 h6 24. Nf2 Ke7 25. Rad1 Nf6 26. Nd3 Rc7 27. Re3
Rcc8 28. Nc5 b6 29. Nd3 Rc7 30. Nf2 g6 31. Nd3 Nd7 32. Nf4 Kf6 33. Ng2 h5 34.
g5+ Kg7 35. Nf4 Kh7 36. Nd3 Rhc8 37. Nf2 Kg7 38. Ne4 Rd8 39. b4 Nf8 40. Nf2
Rcd7 41. Red3 Rc7 42. Ne4 Nd7 43. c5 Nf8 44. Nd6 Rcd7 45. Re3 Rc7 46. Ra1 Re7
47. Ree1 Nd7 48. f4 f5 49. a4 Nf8 50. Red1 Red7 51. Rab1 Rc7 52. Rb2 Nd7 53.
Re2 Nf8 54. Rdd2 Rb8 55. Rb2 Rd8 56. Nc4 Rb8 57. cxb6 axb6 58. a5 bxa5 59. bxa5
Ra8 60. Rb4 Kf7 61. Reb2 Raa7 62. Ne5+ Ke7 63. Rb6 Rxa5 64. Nxc6+ Kd7 65. Kb4
Ra1 66. Nb8+ Ke7 67. Nc6+ Kd7 68. Ne5+ Ke7 1/2-1/2

[Event "4NCL/Div3/FCA2 vs. ICENI"]
[Site "Daventry ENG"]
[Date "2010.03.28"]
[Round "8.3"]
[White "Borrowdale, Graham E"]
[Black "Calvert, D Ian"]
[Result "1-0"]
[WhiteElo "2074"]
[BlackElo "2020"]
[PlyCount "117"]
[EventDate "2010.03.28"]
[SourceDate "2009.10.24"]

1. c4 c6 2. Nf3 Nf6 3. Nc3 d5 4. d4 dxc4 5. a4 Bf5 6. e3 e6 7. Bxc4 Bb4 8. O-O
Nbd7 9. Qe2 Bg4 10. h3 Bxf3 11. Qxf3 O-O 12. Rd1 Qa5 13. e4 e5 14. d5 Rac8 15.
dxc6 Rxc6 16. Bb5 Rd6 17. Rxd6 Bxd6 18. Qd3 Qc7 19. Bxd7 Qxd7 20. Be3 Bb8 21.
Qxd7 Nxd7 22. Rd1 Nf6 23. Bg5 Rc8 24. Rd3 a6 25. Bxf6 gxf6 26. g4 Ba7 27. Kg2
Kg7 28. b3 Bd4 29. Ne2 Bb6 30. Ng3 Rc2 31. Nh5+ Kg6 32. Rf3 Bd8 33. Ng3 b5 34.
axb5 axb5 35. Nf5 b4 36. Ne3 Rc8 37. Nd5 Rb8 38. h4 h6 39. h5+ Kg7 40. Rd3 Rb7
41. Ne3 Be7 42. Rd5 Kh7 43. Kf3 Rc7 44. Ke2 Bc5 45. Nc4 Bd4 46. Rb5 Ra7 47. Ra5
Rc7 48. Ra4 Bc3 49. Ne3 Kg7 50. Nd5 Rc6 51. f3 Kh7 52. Nxb4 Rb6 53. Nd5 Rxb3
54. Nxf6+ Kg7 55. Ne8+ Kf8 56. Ra8 Rb2+ 57. Kd3 Bd2 58. Nd6+ Ke7 59. Nc4 1-0

[Event "4NCL/Div3/FCA2 vs. ICENI"]
[Site "Daventry ENG"]
[Date "2010.03.28"]
[Round "8.4"]
[White "Feavyour, John A"]
[Black "Freeman, Richard CP"]
[Result "1/2-1/2"]
[WhiteElo "2076"]
[BlackElo "2061"]
[PlyCount "86"]
[EventDate "2010.03.28"]
[SourceDate "2009.10.24"]

1. d4 g6 2. e4 Bg7 3. Nc3 d6 4. Be3 a6 5. Nf3 b5 6. Bd3 Bb7 7. O-O Nd7 8. Re1
c5 9. a4 b4 10. Ne2 a5 11. Bb5 Bxe4 12. dxc5 Bxf3 13. gxf3 dxc5 14. Bxc5 Qc7
15. Nf4 O-O-O 16. Bxe7 Nxe7 17. Rxe7 Be5 18. Rxd7 Rxd7 19. Qxd7+ Qxd7 20. Bxd7+
Kxd7 21. Nd3 Bf6 22. Re1 Rc8 23. Re2 Rc6 24. f4 Bd4 25. Ne5+ Bxe5 26. fxe5 Ke6
27. Kg2 Kf5 28. Kg3 g5 29. Kf3 h5 30. h3 Rc5 31. Kg3 Rxe5 32. Rd2 Ke6 33. f4
Re3+ 34. Kf2 Rxh3 35. Kg2 g4 36. f5+ Ke5 37. Rd7 f6 38. Ra7 Kxf5 39. Rxa5+ Kf4
40. Rb5 Rg3+ 41. Kf2 Rf3+ 42. Kg2 Rg3+ 43. Kf2 Rf3+ 1/2-1/2

[Event "4NCL/Div3/FCA2 vs. ICENI"]
[Site "Daventry ENG"]
[Date "2010.03.28"]
[Round "8.5"]
[White "Williamson, Kevin J"]
[Black "Botham, C Paul"]
[Result "1/2-1/2"]
[WhiteElo "2045"]
[BlackElo "2040"]
[PlyCount "73"]
[EventDate "2010.03.28"]
[SourceDate "2009.10.24"]

1. d4 Nf6 2. Nc3 d5 3. Bg5 Nbd7 4. e3 e6 5. f4 Be7 6. Bd3 O-O 7. Nf3 Re8 8. O-O
c5 9. Qe1 c4 10. Be2 h6 11. Bh4 a6 12. Ne5 Nf8 13. g4 Ng6 14. Nxg6 fxg6 15.
Bxf6 Bxf6 16. Qf2 Rf8 17. Bf3 b5 18. Ne2 Bb7 19. c3 a5 20. Qg2 g5 21. Ng3 Qd7
22. Rae1 Rae8 23. fxg5 Bxg5 24. e4 g6 25. e5 Rf7 26. Bd1 Ref8 27. Rxf7 Qxf7 28.
Rf1 Qe8 29. Bc2 Rxf1+ 30. Qxf1 Qf7 31. Qxf7+ Kxf7 32. Ne2 Bc6 33. a3 Be8 34.
Kf2 Bd2 35. h4 g5 36. h5 Kg7 37. b3 1/2-1/2

[Event "4NCL/Div3/FCA2 vs. ICENI"]
[Site "Daventry ENG"]
[Date "2010.03.28"]
[Round "8.6"]
[White "Donaghay, Richard H"]
[Black "Valentine, Brian J"]
[Result "0-1"]
[WhiteElo "1975"]
[BlackElo "1962"]
[PlyCount "64"]
[EventDate "2010.03.28"]
[SourceDate "2009.10.24"]

1. e4 e5 2. Bc4 Nf6 3. Nc3 Nxe4 4. Qh5 Nd6 5. Bb3 Nc6 6. Nb5 g6 7. Qf3 f5 8.
Qd5 Qe7 9. Nxc7+ Kd8 10. Nxa8 b6 11. d3 Bb7 12. Nf3 h6 13. Nxb6 axb6 14. Be3
Nd4 15. Bxd4 Bxd5 16. Bxb6+ Kc8 17. Bxd5 e4 18. dxe4 fxe4 19. O-O-O exf3 20.
Bxf3 Bg7 21. Rhe1 Qf8 22. Bd5 Nc4 23. Bd4 Qf4+ 24. Be3 Nxe3 25. Rxe3 Bd4 26.
Rxd4 Qxd4 27. Bf3 Qf4 28. g3 Qd4 29. a4 Rf8 30. a5 Qa4 31. Ra3 Qxa3 32. bxa3
Rxf3 0-1

[Event "4NCL/Div3/GLOSG vs. CELT2"]
[Site "Daventry ENG"]
[Date "2010.03.28"]
[Round "8.1"]
[White "Hosken, Nigel K"]
[Black "Kitchen, Peter J"]
[Result "1/2-1/2"]
[WhiteElo "2109"]
[BlackElo "1930"]
[PlyCount "37"]
[EventDate "2010.03.28"]
[SourceDate "2009.10.24"]

1. d4 d5 2. c4 e6 3. Nc3 Nf6 4. Bg5 Be7 5. e3 O-O 6. Nf3 h6 7. Bh4 b6 8. Rc1
Bb7 9. Bxf6 Bxf6 10. cxd5 exd5 11. Bd3 Be7 12. O-O Nd7 13. Qc2 c5 14. Bf5 Bc6
15. Rfe1 Qc7 16. g3 Rfe8 17. Bh3 Rab8 18. Bg2 Qb7 19. h3 1/2-1/2

[Event "4NCL/Div3/GLOSG vs. CELT2"]
[Site "Daventry ENG"]
[Date "2010.03.28"]
[Round "8.2"]
[White "Wagner, Guy"]
[Black "Lambourne, Daniel M"]
[Result "0-1"]
[WhiteElo "1930"]
[BlackElo "2001"]
[PlyCount "84"]
[EventDate "2010.03.28"]
[SourceDate "2009.10.24"]

1. Nf3 d5 2. c4 e6 3. g3 Nf6 4. Bg2 Bc5 5. d4 Bb4+ 6. Nbd2 O-O 7. O-O c5 8. a3
Bxd2 9. Bxd2 cxd4 10. Bb4 Re8 11. Nxd4 Nc6 12. Nxc6 bxc6 13. Qc2 Ba6 14. cxd5
cxd5 15. Rfe1 Rc8 16. Qa4 Qb6 17. e3 Bd3 18. Bc3 e5 19. Rac1 Bc4 20. Red1 Bb3
21. Qh4 Bxd1 22. Rxd1 Rc4 23. Qg5 Qe6 24. f4 d4 25. fxe5 dxc3 26. exf6 Qxf6 27.
Qb5 Rcc8 28. bxc3 Qxc3 29. Qd3 g6 30. e4 Qc5+ 31. Kh1 Qa5 32. Rf1 Rc3 33. Qd7
Rf8 34. e5 Qxe5 35. Qxa7 Re3 36. a4 Ra3 37. Qd7 Ra1 38. Qd3 Rb8 39. Bc6 Re1 40.
Bb5 Rc8 41. Bc4 Rxf1+ 42. Qxf1 Qe4+ 0-1

[Event "4NCL/Div3/GLOSG vs. CELT2"]
[Site "Daventry ENG"]
[Date "2010.03.28"]
[Round "8.3"]
[White "Waterfield, John W"]
[Black "Ryan, John"]
[Result "1/2-1/2"]
[WhiteElo "1988"]
[BlackElo "1920"]
[PlyCount "39"]
[EventDate "2010.03.28"]
[SourceDate "2009.10.24"]

1. e4 c5 2. c3 e5 3. Nf3 d6 4. d4 cxd4 5. cxd4 exd4 6. Nxd4 a6 7. Nc3 Nf6 8.
Be2 Bd7 9. O-O Nc6 10. Be3 Nxd4 11. Qxd4 Bc6 12. Bf3 Qc7 13. Rac1 Be7 14. Bf4
Qd7 15. Rfd1 Rd8 16. Qb6 Qe6 17. Nd5 O-O 18. Nxe7+ Qxe7 19. Rd4 Rfe8 20. Qb4
1/2-1/2

[Event "4NCL/Div3/GLOSG vs. CELT2"]
[Site "Daventry ENG"]
[Date "2010.03.28"]
[Round "8.4"]
[White "Buttell, David"]
[Black "Taylor, Geoffrey P"]
[Result "1/2-1/2"]
[WhiteElo "1761"]
[BlackElo "1962"]
[PlyCount "43"]
[EventDate "2010.03.28"]
[SourceDate "2009.10.24"]

1. d4 d5 2. c4 e6 3. Nf3 Nf6 4. Nc3 Nbd7 5. cxd5 exd5 6. Qc2 c6 7. Bf4 Be7 8.
e3 O-O 9. Bd3 Re8 10. O-O Nf8 11. Ne2 Ng6 12. Bg3 Bd6 13. Rfc1 Ne4 14. Bxd6
Qxd6 15. Ng3 Nxg3 16. hxg3 Bg4 17. Qd2 Rac8 18. b4 b6 19. Rc2 Bxf3 20. gxf3 Qf6
21. Kg2 Qg5 22. Bxg6 1/2-1/2

[Event "4NCL/Div3/GLOSG vs. CELT2"]
[Site "Daventry ENG"]
[Date "2010.03.28"]
[Round "8.5"]
[White "Baker, Patrick"]
[Black "Kitchen, Michael J"]
[Result "1/2-1/2"]
[WhiteElo "1794"]
[BlackElo "1602"]
[PlyCount "81"]
[EventDate "2010.03.28"]
[SourceDate "2009.10.24"]

1. d4 Nf6 2. Nf3 c6 3. e3 d6 4. Bd3 Qc7 5. Nbd2 Nbd7 6. e4 e5 7. c3 Be7 8. O-O
O-O 9. Re1 a6 10. Nf1 Nb6 11. Ng3 Re8 12. Bd2 Be6 13. b3 Nbd7 14. c4 Nf8 15.
Bc3 Ng6 16. Qc2 h6 17. Rad1 Rad8 18. d5 Bc8 19. dxc6 Qxc6 20. Nf1 Bf8 21. N3d2
b6 22. Ne3 Nf4 23. Nd5 N6xd5 24. cxd5 Qc7 25. Rc1 b5 26. Bf1 Be7 27. Qd1 Qb6
28. Bb2 Bd7 29. Nf3 Rc8 30. Qd2 Rxc1 31. Rxc1 Rc8 32. Rxc8+ Bxc8 33. g3 Ng6 34.
Qc2 Bd7 35. Bc1 Nf8 36. Be3 Qb7 37. b4 Nh7 38. a3 Nf6 39. Kg2 Qc8 40. Qxc8+
Bxc8 41. Bd3 1/2-1/2

[Event "4NCL/Div3/FPONTY vs. BRI3"]
[Site "Daventry ENG"]
[Date "2010.03.28"]
[Round "8.1"]
[White "Sully, David J"]
[Black "Dunlop, Neil J"]
[Result "1-0"]
[WhiteElo "2119"]
[BlackElo "1802"]
[PlyCount "45"]
[EventDate "2010.03.28"]
[SourceDate "2009.10.24"]

1. e4 d6 2. d4 Nf6 3. Nc3 g6 4. h3 c6 5. g3 Qc7 6. a4 e5 7. Nge2 Bg7 8. Bg2 Be6
9. b3 Na6 10. Ba3 exd4 11. Qxd4 c5 12. Qd2 Rd8 13. Rd1 Ke7 14. O-O Ne8 15. Nf4
Bxc3 16. Qxc3 Rf8 17. Rfe1 f6 18. h4 Qc8 19. Bf1 g5 20. hxg5 fxg5 21. Nd5+ Kf7
22. Qf3+ Kg7 23. Bb2+ 1-0

[Event "4NCL/Div3/FPONTY vs. BRI3"]
[Site "Daventry ENG"]
[Date "2010.03.28"]
[Round "8.2"]
[White "Woolgar, Steven G"]
[Black "Adams, Mark A"]
[Result "1/2-1/2"]
[WhiteElo "1698"]
[BlackElo "2026"]
[PlyCount "48"]
[EventDate "2010.03.28"]
[SourceDate "2009.10.24"]

1. c4 e5 2. Nc3 d6 3. g3 f5 4. Bg2 Nf6 5. d3 c6 6. Nf3 Na6 7. a3 Nc7 8. e3 Ne6
9. O-O g6 10. b4 Bg7 11. Rb1 Qc7 12. Bb2 O-O 13. Qc2 Bd7 14. Ba1 Rae8 15. Kh1
Bc8 16. Rbc1 g5 17. Ne2 Nh5 18. Qd2 h6 19. Ne1 Nf6 20. f4 Nd7 21. fxe5 Nxe5 22.
d4 Ng6 23. Nd3 Qe7 24. Rce1 Qc7 1/2-1/2

[Event "4NCL/Div3/FPONTY vs. BRI3"]
[Site "Daventry ENG"]
[Date "2010.03.28"]
[Round "8.3"]
[White "Robinson, David"]
[Black "Meadows, Michael"]
[Result "1-0"]
[WhiteElo "1967"]
[BlackElo "1722"]
[PlyCount "61"]
[EventDate "2010.03.28"]
[SourceDate "2009.10.24"]

1. d4 Nf6 2. Nf3 e6 3. Bf4 b6 4. e3 c5 5. c3 Bb7 6. Nbd2 Be7 7. h3 cxd4 8. exd4
O-O 9. Be2 Nc6 10. O-O Rc8 11. Re1 d5 12. Bd3 Re8 13. a4 a6 14. Qe2 Ra8 15.
Rad1 Bf8 16. Ne5 h6 17. Bc2 Be7 18. Qd3 Nxe5 19. dxe5 Ne4 20. f3 Bc5+ 21. Kh2
Nxd2 22. Qh7+ Kf8 23. Rxd2 Qh4 24. Bg3 Qh5 25. b4 Rec8 26. bxc5 Rxc5 27. Qh8+
Ke7 28. Qxg7 Rxc3 29. Qf6+ Ke8 30. Bh4 Rc7 31. g4 1-0

[Event "4NCL/Div3/FPONTY vs. BRI3"]
[Site "Daventry ENG"]
[Date "2010.03.28"]
[Round "8.4"]
[White "Woodruff, David G"]
[Black "Davies, Peter L"]
[Result "1/2-1/2"]
[WhiteElo "1666"]
[BlackElo "1994"]
[PlyCount "81"]
[EventDate "2010.03.28"]
[SourceDate "2009.10.24"]

1. c4 g6 2. Nc3 Bg7 3. g3 d6 4. Bg2 e5 5. e3 f5 6. Nge2 Nf6 7. O-O O-O 8. d4
Nbd7 9. b4 Qe7 10. Qb3 Kh8 11. Bb2 g5 12. Nd5 Nxd5 13. Bxd5 e4 14. c5 Nf6 15.
cxd6 Qxd6 16. Bc4 b5 17. Bxb5 Rb8 18. Nc3 Be6 19. Qa3 f4 20. Rab1 f3 21. Rfc1
Bh3 22. Qa6 Rb6 23. Qxa7 Bg2 24. Bf1 Bxf1 25. Kxf1 Qe6 26. Nd1 Nd5 27. a3 Qh3+
28. Ke1 Qxh2 29. Rxc7 Nxc7 30. Qxb6 Nd5 31. Qc5 Qg1+ 32. Kd2 Rd8 33. Qa5 Bf6
34. b5 Qf1 35. Bc3 Qd3+ 36. Kc1 Rc8 37. Rb3 Qc4 38. Kb2 Qe2+ 39. Kc1 Qc4 40.
Kb2 Qe2+ 41. Kc1 1/2-1/2

[Event "4NCL/Div3/FPONTY vs. BRI3"]
[Site "Daventry ENG"]
[Date "2010.03.28"]
[Round "8.5"]
[White "Dixon, Chris"]
[Black "Taylor, John-Paul"]
[Result "0-1"]
[WhiteElo "1953"]
[BlackElo "1306"]
[PlyCount "68"]
[EventDate "2010.03.28"]
[SourceDate "2009.10.24"]

1. Nf3 d5 2. g3 Bf5 3. Bg2 Nf6 4. O-O Nbd7 5. d3 h6 6. Nbd2 c6 7. Qe1 e6 8. e4
dxe4 9. dxe4 Bh7 10. Qe2 Qc7 11. a3 a5 12. b3 Bc5 13. Bb2 O-O 14. e5 Nd5 15. c4
Ne7 16. Ne4 Bxe4 17. Qxe4 Qb6 18. Qc2 Nf5 19. Rad1 Rfd8 20. Bh3 Bxf2+ 21. Qxf2
Ne3 22. Rxd7 Rxd7 23. Re1 Rd3 24. Bf1 Rxb3 25. Bd4 Ng4 26. Qe2 c5 27. Qe4 cxd4
28. Qxg4 d3+ 29. Kh1 Rd8 30. Nd2 Qf2 31. Qd1 Rb2 32. Nf3 d2 33. Re4 Rc2 34. Rf4
Qxf1+ 0-1

[Event "4NCL/Div3/NOTT1 vs. BRI2"]
[Site "Daventry ENG"]
[Date "2010.03.28"]
[Round "8.1"]
[White "Richmond, Robert J"]
[Black "Pugh, Derek C"]
[Result "1/2-1/2"]
[WhiteElo "2200"]
[BlackElo "2122"]
[PlyCount "32"]
[EventDate "2010.03.28"]
[SourceDate "2009.10.24"]

1. d4 Nc6 2. Nf3 d5 3. c4 Bg4 4. e3 e6 5. Nc3 Bb4 6. Bd2 Nf6 7. a3 Bxc3 8. Bxc3
O-O 9. h3 Bh5 10. Be2 Ne4 11. Qb3 Rb8 12. cxd5 exd5 13. Rc1 Qd6 14. O-O f5 15.
Bb4 Nxb4 16. Qxb4 c6 1/2-1/2

[Event "4NCL/Div3/NOTT1 vs. BRI2"]
[Site "Daventry ENG"]
[Date "2010.03.28"]
[Round "8.2"]
[White "Humphreys, Jerry G"]
[Black "Walker, Andrew N"]
[Result "0-1"]
[WhiteElo "2082"]
[BlackElo "2087"]
[PlyCount "52"]
[EventDate "2010.03.28"]
[SourceDate "2009.10.24"]

1. c4 f5 2. Nc3 Nf6 3. Nf3 e6 4. g3 Be7 5. Bg2 O-O 6. O-O d6 7. d4 Qe8 8. Re1
Qg6 9. e4 Nxe4 10. Nxe4 fxe4 11. Rxe4 Nc6 12. Qe2 Bf6 13. Bd2 e5 14. dxe5 Nxe5
15. Nxe5 Bxe5 16. Bc3 Bxc3 17. bxc3 c6 18. Re7 Bg4 19. Qd2 Rae8 20. Rxb7 Re2
21. Qd4 c5 22. Qd5+ Be6 23. Qxd6 Rexf2 24. Bd5 Bxd5 25. Qxd5+ Kh8 26. Rab1 Qh6
0-1

[Event "4NCL/Div3/NOTT1 vs. BRI2"]
[Site "Daventry ENG"]
[Date "2010.03.28"]
[Round "8.3"]
[White "Coates, David H"]
[Black "Stewart, Joseph"]
[Result "1-0"]
[WhiteElo "2043"]
[BlackElo "1994"]
[PlyCount "73"]
[EventDate "2010.03.28"]
[SourceDate "2009.10.24"]

1. e4 c5 2. Nf3 d6 3. d4 cxd4 4. Nxd4 Nf6 5. Nc3 g6 6. Be3 Bg7 7. f3 Nc6 8. Qd2
O-O 9. O-O-O d5 10. exd5 Nxd5 11. Nxc6 bxc6 12. Bd4 e5 13. Bc5 Be6 14. Ne4 Re8
15. g4 Nf4 16. Qc3 Nd5 17. Qd2 Nf4 18. Qe1 Qb8 19. b3 a5 20. a4 f5 21. gxf5
gxf5 22. Nd6 Bd5 23. Nxf5 Bxb3 24. Rg1 Ng6 25. cxb3 Qxb3 26. Qe4 Qc3+ 27. Qc2
Qxf3 28. Bc4+ Kh8 29. Nxg7 Qf4+ 30. Kb1 Reb8+ 31. Ka1 Rb4 32. Bxb4 axb4 33. Ne6
Qe3 34. Rg3 Qa7 35. Bb3 Re8 36. Qxc6 Rg8 37. Qc5 1-0

[Event "4NCL/Div3/NOTT1 vs. BRI2"]
[Site "Daventry ENG"]
[Date "2010.03.28"]
[Round "8.4"]
[White "White, Martin"]
[Black "Truman, Richard G"]
[Result "1/2-1/2"]
[WhiteElo "1914"]
[BlackElo "2015"]
[PlyCount "62"]
[EventDate "2010.03.28"]
[SourceDate "2009.10.24"]

1. e4 c5 2. c4 Nc6 3. Ne2 e6 4. d4 cxd4 5. Nxd4 Nf6 6. Nc3 Bb4 7. f3 O-O 8. Be2
d5 9. Nxc6 bxc6 10. cxd5 exd5 11. O-O Qb6+ 12. Kh1 Bxc3 13. bxc3 dxe4 14. Bg5
Nd5 15. Qc1 exf3 16. Bxf3 Ba6 17. c4 Nc7 18. Be7 Rfc8 19. Rb1 Qd4 20. Rd1 Qxc4
21. Qxc4 Bxc4 22. Bxc6 Rab8 23. Rxb8 Rxb8 24. Bd6 Rd8 25. Rb1 Ne6 26. Bb4 Bxa2
27. Ra1 Bd5 28. Bxd5 Rxd5 29. Kg1 Rd7 30. Kf2 Rb7 31. Bd2 f6 1/2-1/2

[Event "4NCL/Div3/NOTT1 vs. BRI2"]
[Site "Daventry ENG"]
[Date "2010.03.28"]
[Round "8.5"]
[White "Kingston, Ian"]
[Black "Bromilow, Edward T"]
[Result "1/2-1/2"]
[WhiteElo "1999"]
[BlackElo "1922"]
[PlyCount "56"]
[EventDate "2010.03.28"]
[SourceDate "2009.10.24"]

1. e4 c6 2. d4 d5 3. Nd2 dxe4 4. Nxe4 Bf5 5. Ng3 Bg6 6. N1e2 e5 7. c3 exd4 8.
Qxd4 Qxd4 9. Nxd4 Nd7 10. Bc4 Ne5 11. Be2 Nd3+ 12. Kf1 Nxc1 13. Rxc1 O-O-O 14.
f4 h6 15. f5 Bh7 16. Bc4 Bc5 17. Nf3 f6 18. Be6+ Kc7 19. Ke2 Ne7 20. Ne4 Bb6
21. g4 Nd5 22. Bxd5 cxd5 23. Ned2 Rhe8+ 24. Kf1 g6 25. fxg6 Bxg6 26. Nd4 Bd3+
27. Kg2 Kd6 28. Rhe1 Bxd4 1/2-1/2

[Event "4NCL/Div3/NOTT1 vs. BRI2"]
[Site "Daventry ENG"]
[Date "2010.03.28"]
[Round "8.6"]
[White "Atkinson, Harvey"]
[Black "Flynn, David"]
[Result "0-1"]
[WhiteElo "1802"]
[BlackElo "2053"]
[PlyCount "26"]
[EventDate "2010.03.28"]
[SourceDate "2009.10.24"]

1. d4 Nf6 2. Bg5 Ne4 3. Bf4 d5 4. f3 Nf6 5. Nc3 c5 6. e4 dxe4 7. Bb5+ Bd7 8.
Bxd7+ Nbxd7 9. fxe4 Qb6 10. Na4 Qa5+ 11. c3 cxd4 12. b4 Qb5 13. Ne2 e5 0-1